Chile y la guerra civil española, 1936-1939: relaciones diplomáticas y paradigmas políticos

Uloženo v:
Podrobná bibliografie
Hlavní autoři: Garay Vera, Cristián (autor), Medina Valverde, Cristián (Autor)
Médium: Kniha
Jazyk:španělština
Vydáno: Santiago, Chile P.U.C.CH 1994
Edice:Avances de Investigación, 2
Témata:
Tagy: Přidat tag
Žádné tagy, Buďte první, kdo vytvoří štítek k tomuto záznamu!

MARC

LEADER 00000nam a2200000 a 4500
001 UCY3500
003 CL-VaPUC
005 20241121130327.0
008 950103e19940000CL |||||||||||||||||spa|d
999 |c 231615  |d 231613 
040 |c Pontificia Universidad Católica de Valparaíso 
082 0 4 |a 946.081 GAR 1994  |2 21 
100 |a Garay Vera, Cristián  |e autor  |9 489553 
245 1 0 |a Chile y la guerra civil española, 1936-1939:  |b  relaciones diplomáticas y paradigmas políticos 
260 |a Santiago, Chile  |b P.U.C.CH  |c 1994 
300 |a 80 páginas 
490 0 |a Avances de Investigación,  |v  2 
583 |a last modification  |c 19950103 00:00:00  |k Rodrigo Vera 
650 7 |a Historia de España  |2 CL-VaPUC  |9 321819 
650 0 |a Guerra civil española  |z Chile  |9 331803 
650 0 |a Relaciones Internacionales  |z España  |z Chile  |9 255740 
650 0 |a Diplomacia  |z España  |z Chile  |9 256483 
700 |a Medina Valverde, Cristián  |e author  |9 545751 
852 |a BIBCUR 
942 |c BK  |2 ddc 
945 |d 19950103 00:00:00  |a mfernand 
952 |0 0  |1 0  |2 ddc  |4 0  |6 946_081000000000000_GAR_1994  |7 0  |8 A  |9 235048  |a BIBHIS  |b BIBHIS  |d 2019-11-15  |i 3046192  |o 946.081 GAR 1994  |p 3046192  |r 2025-01-20  |t 1  |w 2019-11-15  |y BK  |k HIS